00494nam a2200157Ia 4500008004100000020002700041040001900068041001200087082002500099245008400124260004000208300002400248504001900272650001900291700002600310131103s9999 xx 000 0 und d a81-7003-249-0cRs. 450 aLoreto College aEnglish a323/CHAbLCLIB/42325 aHuman Rightsb Theory and Practice cDebi Chatterjee, Sucheta Ghosh, Sumita Sen aDelhibSouth Asian Publishersc2002 axviii,245p, 22.5cm. aIncludes index aHuman Rights  aChatterjee, Debi auth